[Event "4NCL Division 3"]
[Site "Daventry Court ENG"]
[Date "2014.05.03"]
[Round "9.168"]
[White "Hall, Antony C"]
[Black "Nicholson, Jim WR"]
[Result "1/2-1/2"]
[WhiteElo "1994"]
[BlackElo "2008"]
[PlyCount "113"]
[EventDate "2014.05.03"]
[WhiteTeam "Anglian Avengers 3"]
[BlackTeam "Bradford DCA Knights B"]

1. e4 c5 2. Nc3 d6 3. g3 Nf6 4. Bg2 g6 5. Nge2 Nc6 6. O-O Bg7 7. d3 O-O 8. f3
Rb8 9. Be3 b5 10. Qd2 b4 11. Nd1 Re8 12. Nf2 Nd7 13. c3 bxc3 14. bxc3 Ba6 15.
f4 Qc7 16. Rab1 Rb6 17. Qc2 Reb8 18. Rfd1 Qb7 19. Rxb6 Qxb6 20. Bf3 e5 21. f5
Qb2 22. Qxb2 Rxb2 23. Rd2 Rb8 24. g4 Na5 25. c4 Nc6 26. Nc3 Nd4 27. Bd1 Kf8 28.
Kg2 Bb7 29. Kg3 Bc6 30. h4 h5 31. fxg6 fxg6 32. gxh5 gxh5 33. Bxh5 Nf6 34. Bd1
Ke7 35. Bg5 Ne6 36. Nh3 Nxg5 37. hxg5 Nh7 38. Bg4 Nf8 39. Bf5 Ne6 40. Rg2 Nf4
41. Rd2 Rh8 42. Nd5+ Bxd5 43. cxd5 Nxh3 44. Bxh3 Rb8 45. Be6 Ke8 46. Rf2 Rb7
47. Kg4 Bf8 48. Kf5 a5 49. Rh2 a4 50. Bc8 Rf7+ 51. Kg4 a3 52. Ba6 Rf4+ 53. Kh5
Kf7 54. Bb5 Be7 55. Rh4 Rf2 56. Bc4 Kg7 57. Rg4 1/2-1/2

[Event "4NCL Division 3"]
[Site "Daventry Court ENG"]
[Date "2014.05.03"]
[Round "9.169"]
[White "Slinger, AJ (Tony)"]
[Black "Bucknell, Malcolm Gordon"]
[Result "1/2-1/2"]
[WhiteElo "1963"]
[BlackElo "1934"]
[PlyCount "64"]
[EventDate "2014.05.03"]
[WhiteTeam "Bradford DCA Knights B"]
[BlackTeam "Anglian Avengers 3"]

1. d4 e6 2. Nf3 b6 3. e4 Bb7 4. Bd3 c5 5. c3 c4 6. Bc2 d5 7. e5 Ne7 8. Nbd2 h6
9. Nf1 Nd7 10. Ng3 Qc7 11. Bd2 Nc6 12. Qe2 b5 13. O-O Be7 14. h3 a5 15. Nh2 b4
16. Rfd1 Nb6 17. Ng4 O-O-O 18. f4 h5 19. Nh2 g6 20. Nf3 Rhe8 21. Nf1 Ba6 22.
Ne3 Kb7 23. Qe1 Ra8 24. g3 Bb5 25. Kg2 Ra7 26. h4 Ka8 27. Ng5 Bf8 28. Kh3 Rb8
29. Kh2 Qe7 30. Nh7 Bh6 31. Ng5 Bf8 32. Nh7 Bh6 1/2-1/2

[Event "4NCL Division 3"]
[Site "Daventry Court ENG"]
[Date "2014.05.03"]
[Round "9.175"]
[White "Wallace, Paul A"]
[Black "Chan, Nevil"]
[Result "1-0"]
[WhiteElo "2164"]
[BlackElo "2012"]
[PlyCount "57"]
[EventDate "2014.05.03"]
[WhiteTeam "Cheddleton 2"]
[BlackTeam "Cambridge University 3"]

1. e4 Nc6 2. Nf3 d6 3. d4 Nf6 4. Nc3 Bg4 5. Be3 e6 6. Be2 d5 7. e5 Nd7 8. O-O
Be7 9. Nd2 Bxe2 10. Nxe2 O-O 11. Nf4 Ndxe5 12. dxe5 d4 13. Nh5 dxe3 14. Qg4 g6
15. Ne4 Nxe5 16. Qg3 e2 17. Rfe1 Nd7 18. Rxe2 Bh4 19. Qc3 gxh5 20. Rd1 Qe7 21.
g3 f5 22. gxh4 fxe4 23. Qxc7 Rf7 24. Qxb7 Raf8 25. Qxa7 Qxh4 26. Rxd7 Qg4+ 27.
Kf1 Rxd7 28. Qxd7 e3 29. Rxe3 1-0

[Event "4NCL Division 3"]
[Site "Daventry Court ENG"]
[Date "2014.05.03"]
[Round "9.176"]
[White "Gooding, Ian"]
[Black "Richardson, Alex"]
[Result "1/2-1/2"]
[WhiteElo "2006"]
[BlackElo "2107"]
[PlyCount "137"]
[EventDate "2014.05.03"]
[WhiteTeam "Cambridge University 3"]
[BlackTeam "Cheddleton 2"]

1. e4 e6 2. Nf3 c5 3. d4 cxd4 4. Nxd4 a6 5. Bd3 Qb6 6. Nb3 Qc7 7. O-O d6 8. c4
Nd7 9. Nc3 b6 10. Be3 Ngf6 11. Rc1 Be7 12. Kh1 O-O 13. f4 Bb7 14. Bb1 Rfe8 15.
Nd2 Rac8 16. Qf3 Qb8 17. g4 g6 18. Qg3 b5 19. cxb5 axb5 20. Nxb5 Nxe4 21. Nxe4
d5 22. Ba7 Qa8 23. Ned6 d4+ 24. Kg1 Rxc1 25. Rxc1 Rd8 26. Bxd4 Nf6 27. Nxb7
Qxb7 28. a4 Rxd4 29. Nxd4 Qa7 30. Qc3 Nxg4 31. h3 Nf6 32. Kg2 Nd5 33. Qd2 Bb4
34. Rc8+ Kg7 35. Nc6 Qb7 36. Qd4+ Nf6 37. Qxb4 Qxc8 38. Qc3 Qa8 39. a5 Kg8 40.
Kh2 Nd5 41. Be4 Qe8 42. Bxd5 exd5 43. Ne5 Qb5 44. Ng4 h5 45. Nf6+ Kf8 46. Qc8+
Kg7 47. Qc3 Kf8 48. Nxd5 Qe2+ 49. Kg3 Kg8 50. b4 h4+ 51. Kxh4 Qh5+ 52. Kg3 Qxd5
53. a6 Qa8 54. b5 Qa7 55. Qe1 Qd7 56. Qe2 Kh7 57. b6 Qd4 58. b7 Qg1+ 59. Kf3
Qh1+ 60. Qg2 Qd1+ 61. Kg3 Qe1+ 62. Kh2 Qb4 63. Qf3 Qd2+ 64. Kg3 Qe1+ 65. Qf2
Qc3+ 66. Kg4 Qb3 67. Qe2 Qb1 68. Qe7 Qg1+ 69. Kf3 1/2-1/2

[Event "4NCL Division 3"]
[Site "Daventry Court ENG"]
[Date "2014.05.03"]
[Round "9.177"]
[White "Armstrong, Malcolm J"]
[Black "Campbell, Mark C"]
[Result "1/2-1/2"]
[WhiteElo "2114"]
[BlackElo "1952"]
[PlyCount "90"]
[EventDate "2014.05.03"]
[WhiteTeam "Cheddleton 2"]
[BlackTeam "Cambridge University 3"]

1. d4 Nf6 2. Nf3 e6 3. g3 d5 4. Bg2 c5 5. c4 dxc4 6. Qa4+ Bd7 7. Qxc4 Qb6 8.
O-O Nc6 9. dxc5 Bxc5 10. Nc3 Na5 11. Qh4 Be7 12. Ne5 Bc6 13. Nxc6 Nxc6 14. Be3
Qa6 15. Rfd1 O-O 16. Qa4 Qxa4 17. Nxa4 Rfd8 18. Bf3 Nd5 19. Bc5 Bf6 20. Rac1
Rac8 21. a3 b6 22. Bxd5 exd5 23. Bxb6 axb6 24. Nxb6 Bxb2 25. Rc2 Bxa3 26. Nxc8
Rxc8 27. Rxd5 Rd8 28. e4 Rxd5 29. exd5 Nd8 30. Rc7 Kf8 31. Kg2 Ke8 32. Kf3 Bd6
33. Ra7 Bc5 34. Ra5 Bd6 35. Ke4 g6 36. f4 f5+ 37. Kd4 Kd7 38. Ra7+ Bc7 39. Kc5
Nf7 40. Ra8 Nd8 41. Ra6 Nb7+ 42. Kd4 Nd6 43. Ra8 Nc8 44. Ra6 Nd6 45. Ra8 Nc8
1/2-1/2

[Event "4NCL Division 3"]
[Site "Daventry Court ENG"]
[Date "2014.05.03"]
[Round "9.178"]
[White "Kreuzer, Christopher RL"]
[Black "Jamieson, Ian M"]
[Result "1/2-1/2"]
[WhiteElo "1923"]
[BlackElo "1982"]
[PlyCount "147"]
[EventDate "2014.05.03"]
[WhiteTeam "Cambridge University 3"]
[BlackTeam "Cheddleton 2"]

1. e4 e6 2. d4 d5 3. Nd2 dxe4 4. Nxe4 Be7 5. Nf3 Nf6 6. Bd3 Nbd7 7. O-O O-O 8.
Qe2 c5 9. Nxf6+ Bxf6 10. Qe4 g6 11. Bh6 Re8 12. c3 Qb6 13. b3 Bh8 14. Ne5 Nxe5
15. dxe5 Bd7 16. Bg5 Qc6 17. f4 Bg7 18. Rad1 Rec8 19. Qe2 Be8 20. Be4 Qc7 21.
Qf3 Rab8 22. Rd2 b5 23. Rfd1 a5 24. a3 Bf8 25. Bf6 b4 26. axb4 cxb4 27. cxb4
axb4 28. h4 Be7 29. Bxe7 Qxe7 30. h5 Rc3 31. Rd3 Rbc8 32. hxg6 hxg6 33. Rxc3
bxc3 34. Rc1 Qa3 35. Qd1 Qb4 36. Qc2 Qd4+ 37. Kh2 Bb5 38. g3 Kg7 39. Rd1 Qc5
40. Kg2 Bc6 41. Bf3 Bd5 42. Bxd5 exd5 43. f5 d4 44. f6+ Kg8 45. Qe4 Qc6 46. Kf3
c2 47. Rc1 Qc3+ 48. Ke2 Rd8 49. Qd3 Qc5 50. Rxc2 Qxe5+ 51. Kf1 Qxf6+ 52. Rf2
Qd6 53. Rf4 Rd7 54. Kg2 Kg7 55. Kf2 Qd5 56. Qc4 Qe5 57. Qd3 f5 58. b4 Rd5 59.
Qe2 Qd6 60. Qd2 d3 61. Rf3 Qb6+ 62. Re3 Qd4 63. Kg2 Kf6 64. b5 g5 65. b6 f4 66.
Rf3 Qe4 67. b7 Rb5 68. Qc3+ Kf5 69. Qc8+ Qe6 70. Qxe6+ Kxe6 71. Rxd3 Rxb7 72.
gxf4 gxf4 73. Kf3 Ke5 74. Ra3 1/2-1/2

[Event "4NCL Division 3"]
[Site "Daventry Court ENG"]
[Date "2014.05.03"]
[Round "9.179"]
[White "Davison, Colin FS"]
[Black "Breed, Greg J"]
[Result "0-1"]
[WhiteElo "2049"]
[BlackElo "1736"]
[PlyCount "76"]
[EventDate "2014.05.03"]
[WhiteTeam "Cheddleton 2"]
[BlackTeam "Cambridge University 3"]

1. e4 c6 2. d4 d5 3. Nc3 dxe4 4. Nxe4 Bf5 5. Ng3 Nf6 6. c3 Bg6 7. h4 h6 8. Nf3
Nbd7 9. Bc4 e6 10. Qe2 Be7 11. h5 Bh7 12. O-O O-O 13. Re1 Nd5 14. Bb3 Qc7 15.
Ne5 Nxe5 16. dxe5 Rad8 17. Bc2 Nb6 18. Bxh7+ Kxh7 19. Qe4+ Kh8 20. Nf1 Rd7 21.
a4 a5 22. Be3 Rfd8 23. f4 f5 24. exf6 Bxf6 25. Qxe6 Re7 26. Qg4 Rde8 27. Bf2
Rxe1 28. Bxe1 Nxa4 29. Qd1 Nxb2 30. Qb3 Nd3 31. Bg3 b5 32. Rd1 Nc5 33. Qc2 a4
34. c4 b4 35. f5 Qf7 36. Bd6 b3 37. Qb1 Ne4 38. Bb4 Qxc4 0-1

[Event "4NCL Division 3"]
[Site "Daventry Court ENG"]
[Date "2014.05.03"]
[Round "9.185"]
[White "Moore, Gerald"]
[Black "Brijmohun, K Louis"]
[Result "1-0"]
[WhiteElo "2213"]
[BlackElo "1978"]
[PlyCount "47"]
[EventDate "2014.05.03"]
[WhiteTeam "Broadland"]
[BlackTeam "Bristol University"]

1. Nf3 Nf6 2. c4 c5 3. Nc3 d6 4. d4 cxd4 5. Nxd4 g6 6. e4 Bg7 7. Be2 Nc6 8. Be3
a6 9. O-O Qc7 10. Rc1 O-O 11. Qd2 Ng4 12. Bxg4 Bxg4 13. Nd5 Qd8 14. h3 Nxd4 15.
Bxd4 Be6 16. Bxg7 Kxg7 17. Qd4+ Kg8 18. Nb6 Rb8 19. Rfe1 Re8 20. Rc3 Qc7 21. b4
Rbd8 22. f4 f5 23. Rce3 Kf7 24. exf5 1-0

[Event "4NCL Division 3"]
[Site "Daventry Court ENG"]
[Date "2014.05.03"]
[Round "9.186"]
[White "Delay, Guillaume"]
[Black "Hughes, Roy"]
[Result "0-1"]
[WhiteElo "2040"]
[BlackElo "2040"]
[PlyCount "126"]
[EventDate "2014.05.03"]
[WhiteTeam "Bristol University"]
[BlackTeam "Broadland"]

1. e4 d5 2. exd5 Qxd5 3. Nf3 Nf6 4. Be2 c6 5. c4 Qa5 6. Nc3 Bf5 7. O-O e6 8. d4
Be7 9. Bd2 Qd8 10. Qb3 Qb6 11. Qxb6 axb6 12. Be3 Nbd7 13. Rfd1 h6 14. d5 exd5
15. cxd5 cxd5 16. Nd4 Be6 17. Ndb5 O-O 18. Nc7 Rac8 19. N7xd5 Nxd5 20. Nxd5
Bxd5 21. Rxd5 Nf6 22. Rb5 Nd7 23. Bg4 Rcd8 24. g3 Bc5 25. Bxc5 bxc5 26. Rxb7
Ne5 27. Be2 Rd2 28. Kf1 Ra8 29. Ke1 Rd4 30. a3 Rb4 31. Rxb4 cxb4 32. a4 Ra5 33.
Kd2 Kf8 34. b3 Ke7 35. Rc1 Kd6 36. f4 Nc6 37. Rc4 Rc5 38. Kd3 Rd5+ 39. Ke3 Rc5
40. Bf3 Rxc4 41. bxc4 Na5 42. Bd5 f5 43. h3 Nb3 44. g4 fxg4 45. hxg4 Kc5 46. g5
hxg5 47. fxg5 Na5 48. Kd3 Nb3 49. Bg8 Na5 50. Be6 Nb3 51. Bg4 Na5 52. Bd1 Nxc4
53. Ke4 b3 54. Bxb3 Nd2+ 55. Kf5 Nxb3 56. Kg6 Nd4 57. Kf7 Nf5 58. Ke6 Nh4 59.
Kf7 g6 60. Kf6 Kb4 61. Ke5 Kxa4 62. Kf4 Kb4 63. Kg4 Nf5 0-1

[Event "4NCL Division 3"]
[Site "Daventry Court ENG"]
[Date "2014.05.03"]
[Round "9.187"]
[White "McEwan, Ken B"]
[Black "Thompson, Robert"]
[Result "0-1"]
[WhiteElo "2092"]
[BlackElo "1963"]
[PlyCount "68"]
[EventDate "2014.05.03"]
[WhiteTeam "Broadland"]
[BlackTeam "Bristol University"]

1. d4 Nf6 2. Bf4 g6 3. e3 Bg7 4. h4 h6 5. Bd3 d6 6. Nd2 Nbd7 7. Ngf3 c5 8. c3
O-O 9. Qb3 Qb6 10. Qc2 cxd4 11. exd4 e5 12. Bg3 Nh5 13. Nc4 Qc6 14. Bh2 e4 15.
Nxd6 exd3 16. Qxd3 Ndf6 17. O-O-O Ng4 18. Ne5 Bxe5 19. Bxe5 Nxf2 20. Qd2 Ng4
21. Rhf1 Nxe5 22. dxe5 Kg7 23. Nxf7 Rxf7 24. Rxf7+ Kxf7 25. Qxh6 Bf5 26. Rd6
Qe8 27. Qh7+ Kf8 28. e6 Bxe6 29. g4 Bxg4 30. Qh6+ Ng7 31. Rd4 Qe1+ 32. Kc2 Bf5+
33. Kb3 Qe6+ 34. Ka3 Re8 0-1

[Event "4NCL Division 3"]
[Site "Daventry Court ENG"]
[Date "2014.05.03"]
[Round "9.189"]
[White "Bin-Suhayl, Ieysaa"]
[Black "Humphreys, Jerry"]
[Result "0-1"]
[WhiteElo "1637"]
[BlackElo "2059"]
[PlyCount "112"]
[EventDate "2014.05.03"]
[WhiteTeam "Broadland"]
[BlackTeam "Bristol University"]

1. d4 Nf6 2. c4 g6 3. Nc3 d5 4. Nf3 Bg7 5. Bg5 Ne4 6. cxd5 Nxg5 7. Nxg5 e6 8.
Qd2 exd5 9. Qe3+ Kf8 10. Qf4 Qf6 11. Nxd5 Qxf4 12. Nxf4 Bxd4 13. O-O-O Bxf2 14.
Rd8+ Kg7 15. Rxh8 Kxh8 16. Nd5 Na6 17. Nxf7+ Kg7 18. Ng5 c6 19. Ne4 Bd4 20.
Ndc3 Bf5 21. g3 Be3+ 22. Kc2 Nc5 23. Bg2 Re8 24. Nd1 Rxe4 25. Bxe4 Bxe4+ 26.
Kc3 Bxh1 27. Nxe3 Kf6 28. Nc4 Ke6 29. Ne3 b6 30. Kc2 Ne4 31. Kd3 Nd6 32. Kd2 c5
33. b3 Bd5 34. Kc3 Nf5 35. Nxf5 Kxf5 36. Kd3 Ke5 37. e3 b5 38. Kd2 Ke4 39. Ke2
c4 40. b4 c3 41. Kd1 Kxe3 42. Kc2 Kd4 43. h4 Bxa2 44. g4 Be6 45. g5 Kc4 46. h5
Kxb4 47. h6 Bf5+ 48. Kc1 Kb3 49. Kd1 Kb2 50. Ke2 c2 51. Ke3 c1=Q+ 52. Kf3 Kc3
53. Kg3 Kd3 54. Kf3 Qf1+ 55. Kg3 Ke3 56. Kh4 Qh3# 0-1

[Event "4NCL Division 3"]
[Site "Daventry Court ENG"]
[Date "2014.05.03"]
[Round "9.197"]
[White "Neatherway, A Philip"]
[Black "Paul, Nathanael"]
[Result "1/2-1/2"]
[WhiteElo "1858"]
[BlackElo "1896"]
[PlyCount "108"]
[EventDate "2014.05.03"]
[WhiteTeam "Oxford 2"]
[BlackTeam "Shropshire"]

1. e4 c6 2. d4 d5 3. exd5 cxd5 4. Bd3 Nc6 5. c3 Nf6 6. Bf4 g6 7. Nf3 Bg7 8. h3
O-O 9. O-O Re8 10. Re1 Nh5 11. Bh2 Bh6 12. Nbd2 Be6 13. b4 Qc8 14. Nb3 b6 15.
b5 Nb8 16. Qc2 Nd7 17. Rxe6 fxe6 18. Bxg6 Ndf6 19. Bxe8 Qxe8 20. Qe2 Ne4 21.
Ne5 Nxc3 22. Qg4+ Ng7 23. a4 Ne4 24. Re1 a6 25. Nc6 axb5 26. axb5 Ra3 27. Qd1
Nc3 28. Qc2 Nxb5 29. Be5 Nd6 30. Bxg7 Bxg7 31. Rxe6 Bf6 32. Nd2 Qd7 33. Re1 Ra8
34. Ne5 Qa4 35. Qc3 Rc8 36. Qg3+ Kh8 37. Ndf3 Qc2 38. Ng5 Bxg5 39. Qxg5 Rf8 40.
Nf3 Nf5 41. Qf4 Kg8 42. Qe5 Qc6 43. g4 Ng7 44. Ng5 Qf6 45. Qxf6 exf6 46. Nf3
Kf7 47. Rb1 Rb8 48. Kf1 Ke7 49. Ke2 Kd6 50. Ke3 Ne6 51. h4 Kc6 52. g5 fxg5 53.
hxg5 Ra8 54. Rb3 Ra4 1/2-1/2

[Event "4NCL Division 3"]
[Site "Daventry Court ENG"]
[Date "2014.05.03"]
[Round "9.199"]
[White "Biswas, Karl"]
[Black "Lewis, Christopher D"]
[Result "0-1"]
[WhiteElo "1745"]
[BlackElo "1731"]
[PlyCount "42"]
[EventDate "2014.05.03"]
[WhiteTeam "Oxford 2"]
[BlackTeam "Shropshire"]

1. e4 c6 2. d4 d5 3. e5 Bf5 4. Nd2 e6 5. g4 Bg6 6. Ne2 h5 7. Nf4 Ne7 8. h4 hxg4
9. Qxg4 Bxc2 10. Bd3 Bxd3 11. Nxd3 Nf5 12. Nf3 Na6 13. Bg5 Be7 14. Bxe7 Qxe7
15. O-O-O O-O-O 16. Kb1 Rh6 17. h5 Kb8 18. Nh4 Nxh4 19. Rxh4 g6 20. Rdh1 Rdh8
21. Nf4 g5 0-1

[Event "4NCL Division 3"]
[Site "Daventry Court ENG"]
[Date "2014.05.03"]
[Round "9.206"]
[White "Fowler, David W"]
[Black "Doran, Chris"]
[Result "0-1"]
[WhiteElo "1880"]
[BlackElo "2002"]
[PlyCount "136"]
[EventDate "2014.05.03"]
[WhiteTeam "BCM Hippos (3)"]
[BlackTeam "Holmes Chapel"]

1. d4 Nf6 2. c4 g6 3. Nc3 Bg7 4. Nf3 d6 5. Bg5 O-O 6. e3 c5 7. Be2 h6 8. Bh4
Bf5 9. O-O Nbd7 10. Qb3 Rb8 11. Rfd1 g5 12. Bg3 Nh5 13. Rac1 Nxg3 14. hxg3 a6
15. Bd3 Bxd3 16. Rxd3 e6 17. Ne4 f5 18. Nc3 Qe7 19. Rcd1 Rfd8 20. a4 Qf8 21. a5
b6 22. axb6 Rxb6 23. Qa2 Rdb8 24. Na4 Rc6 25. b3 e5 26. dxe5 Nxe5 27. Nxe5 Bxe5
28. f4 Bg7 29. Qc2 Re8 30. Nc3 Bxc3 31. Qxc3 g4 32. Kf2 Re6 33. Rd5 Rb6 34. Qd3
Rf6 35. Re1 Qe7 36. e4 fxe4 37. Rxe4 Re6 38. Rxe6 Qxe6 39. f5 Qf6 40. Qe2 Rxb3
41. Qxg4+ Kf7 42. Rd2 Kf8 43. Qg6 Qxg6 44. fxg6 Rb6 45. Kf3 Kg7 46. Ke4 Kxg6
47. Kd5 a5 48. Ra2 Ra6 49. Ke6 a4 50. Ra3 Kg5 51. Kd7 Kf6 52. Kc7 Ke5 53. Kb7
Ra5 54. Kb6 Ra8 55. Kb7 Rg8 56. Kc6 Rg6 57. Rxa4 Rxg3 58. Ra2 Kd4 59. Kb5 Rb3+
60. Kc6 Kxc4 61. Kxd6 Rb6+ 62. Ke5 Rg6 63. g4 Kb3 64. Rg2 c4 65. Kd4 c3 66. Rg3
Rc6 67. g5 hxg5 68. Rxg5 c2 0-1

[Event "4NCL Division 3"]
[Site "Daventry Court ENG"]
[Date "2014.05.03"]
[Round "9.207"]
[White "Bennett, Patrick"]
[Black "Cooke, Charlie"]
[Result "1-0"]
[WhiteElo "2021"]
[BlackElo "1754"]
[PlyCount "127"]
[EventDate "2014.05.03"]
[WhiteTeam "Holmes Chapel"]
[BlackTeam "BCM Hippos (3)"]

1. d4 d5 2. c4 e6 3. Nf3 Nf6 4. g3 c6 5. Qc2 Nbd7 6. Bg2 Ne4 7. O-O Be7 8. Nfd2
Nxd2 9. Nxd2 Nf6 10. b3 O-O 11. Bb2 Bd7 12. Rad1 Rc8 13. Nf3 Qc7 14. Ne5 Be8
15. Kh1 Nd7 16. Nf3 Nf6 17. Rc1 Rd8 18. Ne5 Qd6 19. Bc3 Nd7 20. Nd3 Qb8 21. e4
Nf6 22. e5 Nd7 23. Qe2 Kh8 24. f4 Rg8 25. f5 Nf8 26. c5 exf5 27. Rxf5 Ne6 28.
Rcf1 g6 29. R5f2 Qc7 30. h4 Bf8 31. Bh3 Bh6 32. Bxe6 fxe6 33. Rf6 Qe7 34. Qg4
Bd7 35. Rf7 Qe8 36. Nf4 Qxf7 37. Bd2 Bxf4 38. Rxf4 Qe8 39. Rf6 Rf8 40. Qf3 Kg8
41. Bh6 Rf7 42. h5 gxh5 43. Qf4 Rb8 44. Qg5+ Kh8 45. Qf4 Rg7 46. Bxg7+ Kxg7 47.
Qg5+ Kh8 48. Qf4 Qg8 49. Rf7 Qg6 50. Rxd7 Kg8 51. Qf6 Qxf6 52. exf6 Rf8 53.
Rg7+ Kh8 54. Rxb7 Rxf6 55. Rxa7 Rf3 56. Rc7 Rd3 57. Rxc6 Rxd4 58. Rxe6 Rd1+ 59.
Kg2 Rd2+ 60. Kf3 Rxa2 61. b4 Rb2 62. c6 Rb3+ 63. Re3 Rxb4 64. c7 1-0

[Event "4NCL Division 3"]
[Site "Daventry Court ENG"]
[Date "2014.05.03"]
[Round "9.208"]
[White "Grey, Nicholas D"]
[Black "Pearson, Raymond"]
[Result "1/2-1/2"]
[WhiteElo "1751"]
[BlackElo "1944"]
[PlyCount "68"]
[EventDate "2014.05.03"]
[WhiteTeam "BCM Hippos (3)"]
[BlackTeam "Holmes Chapel"]

1. e4 c5 2. c3 d5 3. exd5 Qxd5 4. d4 Nc6 5. Nf3 Bf5 6. Nbd2 cxd4 7. Bc4 Qc5 8.
b4 Qd6 9. Qb3 e6 10. Bb5 dxc3 11. Qxc3 Nf6 12. Bb2 Nd5 13. Qb3 Qxb4 14. Nd4
Qxb3 15. axb3 Kd7 16. O-O Bb4 17. N2f3 Bg6 18. Ne5+ Kd6 19. Nexc6 bxc6 20. Nxc6
a6 21. Ba4 Bc3 22. Ba3+ Kc7 23. Rac1 Bd2 24. Ne7+ Bxc1 25. Rxc1+ Kb6 26. Bc5+
Kc7 27. Ba3+ Kb6 28. Rc6+ Kb7 29. Nxd5 exd5 30. Bc5 Bd3 31. Rb6+ Kc7 32. Rc6+
Kb7 33. Rb6+ Kc8 34. Rc6+ Kb7 1/2-1/2

[Event "4NCL Division 3"]
[Site "Daventry Court ENG"]
[Date "2014.05.03"]
[Round "9.209"]
[White "Higgie, Charles L"]
[Black "Moore, John R"]
[Result "1-0"]
[WhiteElo "1817"]
[BlackElo "1722"]
[PlyCount "63"]
[EventDate "2014.05.03"]
[WhiteTeam "Holmes Chapel"]
[BlackTeam "BCM Hippos (3)"]

1. d4 e6 2. c4 b6 3. e4 Bb7 4. Bd3 d5 5. Nc3 dxc4 6. Bxc4 Nf6 7. f3 Be7 8. Be3
O-O 9. Nge2 Nbd7 10. e5 Nd5 11. Nxd5 Bxd5 12. Bxd5 exd5 13. Nf4 c6 14. Rc1 Nb8
15. O-O Qd7 16. Qa4 a5 17. Rc2 b5 18. Qb3 Rc8 19. Rfc1 a4 20. Qd3 Na6 21. a3 b4
22. Bd2 b3 23. Rc3 Bd8 24. Qe2 Ba5 25. Re3 Bxd2 26. Qxd2 Nc7 27. Rec3 Ne6 28.
Nh5 Ra6 29. f4 Qa7 30. Rd1 Qe7 31. f5 Nf8 32. Nxg7 1-0

[Event "4NCL Division 3"]
[Site "Daventry Court ENG"]
[Date "2014.05.03"]
[Round "9.215"]
[White "Edwards, Simon R"]
[Black "Sully, David J"]
[Result "1/2-1/2"]
[WhiteElo "1962"]
[BlackElo "2098"]
[PlyCount "42"]
[EventDate "2014.05.03"]
[WhiteTeam "Cheddleton 3"]
[BlackTeam "The Full Ponty"]

1. e4 e6 2. d4 d5 3. Nc3 Nc6 4. Bb5 Bb4 5. Bd2 dxe4 6. Qg4 Nf6 7. Qf4 Qd6 8.
Qxd6 Bxd6 9. O-O-O Bd7 10. Bg5 a6 11. Be2 Be7 12. Nh3 h6 13. Bxf6 Bxf6 14. Nxe4
Bxd4 15. c3 Bb6 16. Bh5 Ke7 17. Bxf7 Rhf8 18. Bh5 e5 19. f3 Bxh3 20. gxh3 Rad8
21. Rhe1 Rxd1+ 1/2-1/2

[Event "4NCL Division 3"]
[Site "Daventry Court ENG"]
[Date "2014.05.03"]
[Round "9.225"]
[White "Willmoth, Rob"]
[Black "Burton, Graham P"]
[Result "1-0"]
[WhiteElo "2142"]
[BlackElo "2043"]
[PlyCount "67"]
[EventDate "2014.05.03"]
[WhiteTeam "Barnet Knights 1"]
[BlackTeam "3Cs 2"]

1. c4 e6 2. g3 Nf6 3. Bg2 c5 4. Nf3 Nc6 5. O-O Be7 6. b3 a6 7. Bb2 O-O 8. Nc3
Qc7 9. d4 cxd4 10. Nxd4 d6 11. Rc1 Nxd4 12. Qxd4 Rb8 13. Rfd1 b6 14. Ne4 Bb7
15. Qe3 Nxe4 16. Bxe4 Bxe4 17. Qxe4 Qb7 18. Qg4 e5 19. e4 Rbc8 20. Ba3 Rfd8 21.
Qe2 b5 22. cxb5 Rxc1 23. Rxc1 axb5 24. Bb4 g6 25. Rd1 f5 26. Rd5 Rb8 27. Qd3
fxe4 28. Qxe4 Rc8 29. Rxe5 Rc1+ 30. Kg2 Qxe4+ 31. Rxe4 Kf7 32. Re2 h5 33. h4
Kf6 34. Bd2 1-0

[Event "4NCL Division 3"]
[Site "Daventry Court ENG"]
[Date "2014.05.03"]
[Round "9.226"]
[White "Adams, Philip"]
[Black "Klingher, Dominic"]
[Result "1-0"]
[WhiteElo "2042"]
[BlackElo "1771"]
[PlyCount "155"]
[EventDate "2014.05.03"]
[WhiteTeam "3Cs 2"]
[BlackTeam "Barnet Knights 1"]

1. Nf3 c5 2. e4 d6 3. c3 Nc6 4. d4 cxd4 5. cxd4 g6 6. Nc3 Bg7 7. h3 Nf6 8. Be3
O-O 9. Bd3 a6 10. O-O b5 11. Rc1 Bb7 12. d5 Ne5 13. Nxe5 dxe5 14. Qb3 e6 15.
Bc5 Re8 16. dxe6 Rxe6 17. Rfd1 Nh5 18. Bxb5 Qc8 19. Bd7 Qxc5 20. Bxe6 fxe6 21.
Qxb7 Rf8 22. Rc2 Nf6 23. Qb3 Qe7 24. Qc4 Nh5 25. g3 Kh8 26. h4 Bh6 27. Qxa6 g5
28. Qe2 Qf7 29. hxg5 Bxg5 30. Qg4 Rg8 31. Qh3 Qf3 32. Qg2 Qf6 33. Ne2 Nf4 34.
Nxf4 exf4 35. Rd3 h5 36. Qf3 Qh6 37. Kf1 fxg3 38. Qxg3 Bf4 39. Qh3 Qg6 40. Qf3
e5 41. Ke2 Rf8 42. Rc4 Bh6 43. Qg3 Qf6 44. Rf3 Bf4 45. Rxf4 Qxf4 46. Qxf4 Rxf4
47. f3 Kg7 48. Rc6 Rh4 49. Re6 Rh2+ 50. Ke3 Rxb2 51. Rxe5 Kg6 52. Kf4 Rxa2 53.
Re6+ Kg7 54. Kg5 Ra5+ 55. e5 Kf7 56. Rf6+ Kg7 57. f4 Ra2 58. Rg6+ Kf7 59. Rh6
Kg7 60. Rxh5 Rg2+ 61. Kf5 Rb2 62. Rh1 Ra2 63. Rg1+ Kf7 64. Rb1 Ra7 65. Rb6 Rc7
66. Rf6+ Kg7 67. Kg5 Rc5 68. Ra6 Rc7 69. f5 Kf8 70. Ra8+ Kg7 71. e6 Kh7 72. Rd8
Rg7+ 73. Kf6 Rg2 74. e7 Rg7 75. e8=Q Kh6 76. Qh8+ Rh7 77. Rg8 Rxh8 78. Rxh8#
1-0

[Event "4NCL Division 3"]
[Site "Daventry Court ENG"]
[Date "2014.05.03"]
[Round "9.228"]
[White "Lau, Jason"]
[Black "Balouka-Myers, Gabriel"]
[Result "1-0"]
[WhiteElo "1785"]
[BlackElo "1572"]
[PlyCount "81"]
[EventDate "2014.05.03"]
[WhiteTeam "3Cs 2"]
[BlackTeam "Barnet Knights 1"]

1. e4 c6 2. d4 d5 3. Nc3 dxe4 4. Nxe4 Bf5 5. Ng3 Bg6 6. h4 h6 7. Nf3 Nd7 8. h5
Bh7 9. Bd3 Bxd3 10. Qxd3 Ngf6 11. Bd2 e6 12. O-O-O Qc7 13. Kb1 Bd6 14. Ne4 Nxe4
15. Qxe4 Nf6 16. Qe2 O-O-O 17. c4 c5 18. Bc3 Rhe8 19. g3 cxd4 20. Nxd4 a6 21.
Rc1 Qc5 22. Nb3 Qf5+ 23. Ka1 Ne4 24. Bxg7 Qxf2 25. Qxe4 Bxg3 26. Bxh6 f5 27.
Qe3 Qxe3 28. Bxe3 f4 29. Bb6 Rd3 30. h6 Rd7 31. Bd4 Rh7 32. Be5 Rg8 33. Rcg1
Rg5 34. Bg7 f3 35. Rf1 f2 36. Nd2 Rg4 37. Nf3 e5 38. Nxe5 Bxe5 39. Bxe5 Re4 40.
Bg7 Rg4 41. b3 1-0

[Event "4NCL Division 3"]
[Site "Daventry Court ENG"]
[Date "2014.05.03"]
[Round "9.235"]
[White "Paterson, Andrew I"]
[Black "Kendall, Paul SN"]
[Result "0-1"]
[WhiteElo "2075"]
[BlackElo "2038"]
[PlyCount "38"]
[EventDate "2014.05.03"]
[WhiteTeam "Warwickshire Select 2"]
[BlackTeam "North East England 2"]

1. e4 c5 2. Nf3 Nc6 3. d4 cxd4 4. Nxd4 g6 5. Nc3 Bg7 6. Be3 Nf6 7. Bc4 O-O 8.
Bb3 a5 9. O-O Ng4 10. Qxg4 Nxd4 11. Qd1 Nxb3 12. axb3 d6 13. Nd5 e6 14. Bb6 Qd7
15. Nc7 Rb8 16. Ra4 Qc6 17. Ba7 b5 18. Bxb8 bxa4 19. bxa4 Qb6 0-1

[Event "4NCL Division 3"]
[Site "Daventry Court ENG"]
[Date "2014.05.03"]
[Round "9.237"]
[White "Fallowfield, Jeremy R"]
[Black "Reynolds, Mark A"]
[Result "1-0"]
[WhiteElo "2034"]
[BlackElo "1976"]
[PlyCount "49"]
[EventDate "2014.05.03"]
[WhiteTeam "Warwickshire Select 2"]
[BlackTeam "North East England 2"]

1. d4 e6 2. Nf3 f5 3. h3 Nf6 4. g4 fxg4 5. hxg4 Nxg4 6. Qd3 Nf6 7. Ng5 Qe7 8.
Rxh7 Rxh7 9. Qg6+ Kd8 10. Nf7+ Ke8 11. Ng5+ Kd8 12. Nxh7 Nxh7 13. Qxh7 Qf6 14.
Qh5 Be7 15. Bg5 Qf8 16. Bxe7+ Kxe7 17. Nc3 Nc6 18. d5 Nd8 19. dxe6 dxe6 20.
Qc5+ Kf7 21. Qxc7+ Qe7 22. Qg3 Nc6 23. O-O-O Bd7 24. Ne4 Kg8 25. Rxd7 1-0